000 00677nam a22001937a 4500
005 20251108171935.0
008 250721s1994 xx 000 0 ara d
082 1 4 _a658/عبد
100 1 _aدره، عبد الباري
245 1 0 _aالإدارة الحديثة :
_bالمفاهيم و العمليات : منهج علمي تحليلي /
264 1 _aعمان :
_bالمركز العربي للخدمات الطلابية،
_c1994.
300 _a562ص
650 1 7 _aالإدارة
650 1 7 _aالتنظيم
700 1 _aالمدهون، موسى توفيق
700 1 _aالجزراوي، إبراهيم محمد علي
942 _2ddc
_cBK
999 _c66424
_d66424